000 00821nam a2200217 4500
001 145042
003 ES-MaACL
005 20250828063256.0
007 t|
008 070214s1964 sp r ||||1| spa d
100 1 _aSoto, Domingo de,
_d1495-1560
_9107479
245 1 0 _aRelección `De dominio` /
_cDomingo de Soto ; edición crítica, traducción, introducción, apéndices e índices por Jaime Brufam Prast.
260 _aGranada :
_bUniversidad de Granada,
_c1964.
300 _aXIX, 229 p., 1 lám. ;
_c25 cm.
490 1 _aEdiciones críticas de textos clásicos ;
_v21
700 1 _aBrufam Prast, Jaime.
_932076
710 2 _aUniversidad de Granada.
_97176
830 0 _aEdiciones críticas de textos clásicos ;
_v21
_9220731
852 _aES-MaACL
_jC-26143
_bR.54567
999 _c145042
_d145042